000
00308nam a22001337a 4500
008
170131b xxu||||| |||| 00| 0 eng d
020
_a
9780815124498
041
_a
eng
080
_2
2ND
_a
61
100
_a
3
101
_a
SHMI
245
_a
PRACTICAL AMBULATORY GERIATRICS
_c
YOSHIKOWA, TH.T
942
_2
udc
_c
BK
999
_c
4053
_d
4053